000 00604nam a2200205 u 4500
005 20230106063526.0
008 121116s2007 ug r 000 0 spa d
020 _a9789974802452
035 _aUPN01000188681
049 _aI
050 4 _aQ163
_bS6.2 2007
100 1 _aSorhuet, Hernán Luis
_933653
245 1 3 _aEl arcoiris de la vida :
_bciencia para niños /
_cHernán L. Sorhurt.
250 _a2a ed.
260 _aMontevideo :
_bLatinBooks Internacional,
_c2007.
300 _a175 p. :
_bil. col.
650 2 _aCiencia
_vLiteratura infantil
_911354
905 _aInfantil
999 _c160784
_d160784